LEADER 01740nam 2200397Ia 450 001 996394029403316 005 20231219231622.0 035 $a(CKB)3810000000004902 035 $a(EEBO)2240931793 035 $a(OCoLC)ocm11899345e 035 $a(OCoLC)11899345 035 $a(EXLCZ)993810000000004902 100 $a19850409d1687 uy | 101 0 $aeng 135 $aurbn#|||a|bb| 200 14$aThe present state of His Majesties isles and territories in America ..$b[electronic resource] $ewith new maps of every place : together with astronomical tables, which will serve as a constant diary or calendar, for the use of the English inhabitants in those islands, from the year 1686 to 1700 : also a table by which ... you may know what hour it is in any of those parts, and how to make sun-dials fitting for all those places 210 $aLondon $cPrinted by H. Clark, for Dorman Newman ...$d1687 215 $a[8], 262, [47] p. $cill., 7 folded maps, port 300 $aWritten by R. Blome. Cf. BM. 300 $a"Licens'd July 20, 1686. Roger L'Estrange" 300 $aAstronomical tables on p. [1]-[39] at end. 300 $aAdvertisements on p. [41]-[46] at end. 300 $aReproduction of original in British Library. 330 $aeebo-0018 607 $aUnited States$xDescription and travel 607 $aUnited States$xDescription and travel$vEarly works to 1800 607 $aWest Indies$xDescription and travel 700 $aBlome$b Richard$f1635-1705.$01005190 801 0$bEAA 801 1$bEAA 801 2$bm/c 801 2$bWaOLN 906 $aBOOK 912 $a996394029403316 996 $aThe present state of His Majesties isles and territories in America .$92310471 997 $aUNISA LEADER 02741nam0 22005773i 450 001 RAV0222564 005 20251003044327.0 010 $a8870753549 035 $a(OCoLC)797493707 100 $a20181107d1993 ||||0itac50 ba 101 | $aita$cita 102 $ait 181 1$6z01$ai $bxxxe 182 1$6z01$an 183 1$6z01$anc$2RDAcarrier 200 1 $aTeoria e tecnica dell'indicizzazione per soggetto$fBenedetto Aschero 205 $aNuova ed. riv. e ampliata 210 $aMilano$cBibliografica$d[1993] 215 $a207 p.$d21 cm 225 | $aBibliografia e biblioteconomia$v30 300 $aSeguono appendici. 410 0$1001CFI0023356$12001 $aBibliografia e biblioteconomia$v30 500 10$aTeoria e tecnica dell'indicizzazione per soggetto$3PAL0326273$9CFIV007197$972429 517 1 $aTeoria e tecnica della indicizzazione per soggetto.$9CFI0514056 606 $aCatalogazione a soggetto$2FIR$3CFIC033138$9I 606 $aCatalogazione a soggetto$2FIR$3CFIC033138$9I 606 $aCatalogazione a soggetto$2FIR$3CFIC033138$9I 676 $a025.4$9Attivitā delle biblioteche, degli archivi, dei centri d'informazione. Analisi e controllo per soggetto$v12 676 $a025.4$9ATTIVITA DELLE BIBLIOTECHE, DEGLI ARCHIVI, DEI CENTRI D'INFORMAZIONE. Analisi e controllo per soggetto$v14 676 $a025.47$9ANALISI E CONTROLLO PER SOGGETTO. CATALOGAZIONE PER SOGGETTO$v19 676 $a025.47$9CATALOGAZIONE PER SOGGETTO$v20 676 $a025.47$9CATALOGAZIONE PER SOGGETTO$v21 676 $a025.47$9Analisi e controllo per soggetto. Catalogazione per soggetto$v22 676 $a025.47076$9$v21 676 $a025.48$9$v21 686 $aD.15$cElenchi di istituzioni scientifiche, Biblioteche, Tecniche, Metodologie bibliotecarie$2ACQ 700 1$aAschero$b, Benedetto$3CFIV007197$4070$09008 801 3$aIT$bIT-000000$c20181107 850 $aIT-BN0095 $aIT-SA0112 $aIT-NA0079 $aIT-NA0059 $aIT-AV0045 $aIT-NA0095 901 $bNAP SB$cSAB-CAM $n$ 901 $bNAP BN$cS.MOD $nLa consegna dei documenti č effettuata dall'Ufficio Distribuzione 901 $bNAP 01$cSALA DING $n$ 901 $bNAP 84$cBIBLIOTECA$n$ 901 $bNAP MV$cP $nSALA BIBLIOGRAFIA 901 $bNAP BN$cMAGAZZINO $nmagazzini correnti divisi per anni 901 $bNAP BN$cS.C. $n$ 912 $aRAV0222564 950 0$aBiblioteca Centralizzata di Ateneo$c1 v.$d 01SALA DING 025.4 ASC.te$e 0102 0000073865 VMA 1 v.$fY $h20090703$i20090703 977 $a 01$a 84$a BN$a CN$a MV$a SB 996 $aTeoria e tecnica dell'indicizzazione per soggetto$972429 997 $aUNISANNIO